000
00312nam a22001457a 4500
020
_a
81-8022-006-0
082
_a
920
_b
DEO/F
100
_a
DEO,SUBHASH G.
245
_a
TESLA
250
_a
FIRST
260
_a
DELHI
_b
PRIORITY PUBLICATIONS
_c
2003
300
_a
74
650
_a
IDEAS OF TESLA
_z
DELHI
942
_c
BK
999
_c
6515
_d
6515